000 00623nam a22002057a 4500
005 20251108165016.0
008 250721s1995 xx 000 0 ara d
082 1 4 _a658.56/كوت
100 1 _aكوتمان، رولاند
245 1 0 _aإدارة الجودة الهندسة الشاملة /
264 1 _aالقاهرة :
_bالمكتب الأكاديمية،
_c1995.
300 _a198ص
650 1 7 _aالإدارة
650 1 7 _aتقنيات الإدارة
650 1 7 _aإدارة الإنتاج
650 1 7 _aالجودة
700 1 _aبلبل، عادل
_eترجمة
942 _2ddc
_cBK
999 _c19753
_d19753